The last leaf / (Record no. 38466)

MARC details
000 -LEADER
fixed length control field 00603nam a22001937a 4500
005 - DATE AND TIME OF LATEST TRANSACTION
control field 20100731154032.0
010 ## - LCCN (DPL NO)
LC control number ENG-97556
020 ## - INTERNATIONAL STANDARD BOOK NUMBER
International Standard Book Number 9788190903219
Terms of availability 325.00
035 ## - SYSTEM CONTROL NUMBER
System control number EN-81089
037 ## - SOURCE OF ACQUISITION
Source of stock number/acquisition DBAD/PUB
082 ## - DEWEY DECIMAL CLASSIFICATION NUMBER
Classification number S
100 ## - MAIN ENTRY--PERSONAL NAME
Personal name Henry, O.
245 ## - TITLE STATEMENT
Title The last leaf /
Statement of responsibility, etc by O. Henry
260 ## - PUBLICATION, DISTRIBUTION, ETC. (IMPRINT)
Place of publication, distribution, etc New Delhi
Name of publisher, distributor, etc Kutub Publication
Date of publication, distribution, etc 2009
270 ## - ADDRESS
Address 33/1, Bhul Bhullian Road, Mehrauli
City New Delhi
Postal code 110030
300 ## - PHYSICAL DESCRIPTION
Extent 190p.
Dimensions 23cm (Hb)
942 ## - ADDED ENTRY ELEMENTS (KOHA)
Source of classification or shelving scheme Dewey Decimal Classification
Item type English Books
Classification part S
Call number suffix HEN
Holdings
Withdrawn status Lost status Not for loan Collection code Home library Current library Date acquired Source of acquisition Cost, normal purchase price Full call number Barcode Copy number Cost, replacement price Koha item type
    Not For Loan Fiction D.B.Act.Division D.B.Act.Division 31/07/2010 DBAD/PUB 325.00 S HEN EN-81089 1 325.00 English Books

© Delhi Public Library
Hit Counter
free hit counter